书目信息 |
| 题名: |
蒙学四篇钢笔字帖
|
|
| 作者: | 司马彦 书写 | |
| 分册: | ||
| 出版信息: | 北京 金盾出版社 1993.06 |
|
| 页数: | 89页 | |
| 开本: | 32开 | |
| 丛书名: | ||
| 单 册: | ||
| 中图分类: | J292.12 | |
| 科图分类: | ||
| 主题词: | 书法--中国 , 篆刻--中国 | |
| 电子资源: | ||
| ISBN: | 7-80022-655-7 | |
| 000 | 00579nam0 2200205 45 | |
| 001 | 0008021658 | |
| 005 | 20000802161145.4 | |
| 010 | @a7-80022-655-7@d2.60元 | |
| 100 | @a20000802d1993 km y0chiy0120 ea | |
| 101 | 0 | @achi |
| 105 | @a z 000yy | |
| 200 | 1 | @a蒙学四篇钢笔字帖@AMeng Xue Si Pian Gang Bi Zi Tie@f司马彦 书写@FSi Ma Yan Shu Xie |
| 210 | @a北京@c金盾出版社@d1993.06 | |
| 215 | @a89页@d32开 | |
| 606 | 0 | @a书法@x中国 |
| 606 | 0 | @a篆刻@x中国 |
| 690 | @aJ292.12@v3 | |
| 701 | 0 | @a司马彦@4书写 |
| 801 | @aCN@bPftUser@c20000802 | |
| 905 | @b86321-330@dJ292.12@eS918@f10 | |
| 蒙学四篇钢笔字帖/司马彦 书写.-北京:金盾出版社,1993.06 |
| 89页;32开 |
| ISBN 7-80022-655-7:2.60元 |
| ● |
| 相关链接 |
|
|
|
正题名:蒙学四篇钢笔字帖
索取号:J292.12/S918
 
预约/预借
| 序号 | 登录号 | 条形码 | 馆藏地/架位号 | 状态 | 备注 |
| 1 | 86321 | 200863217 | 社科库309/309社科库 79排4列5层/ [索取号:J292.12/S918] | 在馆 | |
| 2 | 86322 | 200863226 | 社科库309/309社科库 79排4列5层/ [索取号:J292.12/S918] | 在馆 | |
| 3 | 86323 | 200863235 | 自科二线404/309社科库 46排6列6层/ [索取号:J292.12/S918] | 在馆 | |
| 4 | 86324 | 200863244 | 社科库309/309社科库 79排4列5层/ [索取号:J292.12/S918] | 在馆 | |
| 5 | 86325 | 200863253 | 社科库309/309社科库 79排4列5层/ [索取号:J292.12/S918] | 在馆 | |
| 6 | 86326 | 200863262 | 社科库309/309社科库 46排6列6层/ [索取号:J292.12/S918] | 在馆 | |
| 7 | 86327 | 200863271 | 自科二线404/309社科库 46排6列6层/ [索取号:J292.12/S918] | 在馆 | |
| 8 | 86328 | 200863280 | 自科二线404/404自科库 11排5列2层/ [索取号:J292.12/S918] | 在馆 | |
| 9 | 86329 | 200863299 | 社科库309/309社科库 79排4列5层/ [索取号:J292.12/S918] | 在馆 | |
| 10 | 86330 | 200863306 | 自科二线404/309社科库 46排6列6层/ [索取号:J292.12/S918] | 在馆 |